Mannheimer-Analytika = (Record no. 1830)

MARC details
000 -LEADER
fixed length control field 01609cas a2200505 a 4500
001 - CONTROL NUMBER
control field data
005 - DATE AND TIME OF LATEST TRANSACTION
control field 20260322212120.0
008 - FIXED-LENGTH DATA ELEMENTS--GENERAL INFORMATION
fixed length control field data
010 ## - LIBRARY OF CONGRESS CONTROL NUMBER
LC control number sf 90015081
Canceled/invalid LC control number sn 87018158
022 ## - INTERNATIONAL STANDARD SERIAL NUMBER
International Standard Serial Number 0176-1226
023 0# - CLUSTER ISSN
Cluster ISSN 0176-1226
035 ## - SYSTEM CONTROL NUMBER
System control number (OCoLC)15080033
040 ## - CATALOGING SOURCE
Original cataloging agency HLS
Language of cataloging eng
Transcribing agency HLS
Modifying agency OCLCQ
-- DLC
-- NST
-- HUL
-- OCLCQ
-- OCLCF
-- OCLCO
-- OCLCQ
041 0# - LANGUAGE CODE
Language code of text/sound track or separate title fre
-- fre
042 ## - AUTHENTICATION CODE
Authentication code pcc
050 00 - LIBRARY OF CONGRESS CALL NUMBER
Classification number UNC
050 #4 - LIBRARY OF CONGRESS CALL NUMBER
Classification number NX3
Item number .M34 x
210 0# - ABBREVIATED TITLE
Abbreviated title MANA, Mannh. Anal.
222 #0 - KEY TITLE
Key title MANA, Mannheimer Analytika
245 00 - TITLE STATEMENT
Title Mannheimer-Analytika =
Remainder of title Mannheim analytiques.
246 11 - VARYING FORM OF TITLE
Title proper/short title Mannheim analytiques
246 13 - VARYING FORM OF TITLE
Title proper/short title Mannheim-Analytika
246 18 - VARYING FORM OF TITLE
Title proper/short title MANA
260 ## - PUBLICATION, DISTRIBUTION, ETC.
Place of publication, distribution, etc. Mannheim :
Name of publisher, distributor, etc. Lehrstuhl Romanistik I, Universität Mannheim,
Date of publication, distribution, etc. 1983-1988.
249 0# -
-- ACQUIRE Title:
-- Mannheimer-Analytika = Mannheim analytiques
300 ## - PHYSICAL DESCRIPTION
Extent 8 volumes :
Other physical details illustrations ;
Dimensions 21 cm.
310 ## - CURRENT PUBLICATION FREQUENCY
Current publication frequency Irregular
336 ## - CONTENT TYPE
Content type term text
Content type code txt
Source rdacontent
337 ## - MEDIA TYPE
Media type term unmediated
Media type code n
Source rdamedia
338 ## - CARRIER TYPE
Carrier type term volume
Carrier type code nc
Source rdacarrier
362 0# - DATES OF PUBLICATION AND/OR SEQUENTIAL DESIGNATION
Dates of publication and/or sequential designation 1-8.
490 1# - SERIES STATEMENT
Series statement No. 4: Papiere des Münsteraner Arbeitskreises für Semiotik ;
Volume/sequential designation 19
500 ## - GENERAL NOTE
General note Title from cover.
546 ## - LANGUAGE NOTE
Language note German and French.
592 ## -
-- ACQN: aq 94008590
592 ## -
-- Irregular
650 #0 - SUBJECT ADDED ENTRY--TOPICAL TERM
Topical term or geographic name entry element Arts.
650 #7 - SUBJECT ADDED ENTRY--TOPICAL TERM
Topical term or geographic name entry element Arts.
Source of heading or term fast
Authority record control number or standard number (OCoLC)fst00817721
710 2# - ADDED ENTRY--CORPORATE NAME
Corporate name or jurisdiction name as entry element Universität Mannheim.
Subordinate unit Lehrstuhl Romanistik I.
830 #0 - SERIES ADDED ENTRY--UNIFORM TITLE
Uniform title Papiere des Münsteraner Arbeitskreises für Semiotik ;
Volume/sequential designation 19.
906 ## - LOCAL DATA ELEMENT F, LDF (RLIN)
a 7
b cbc
c serials
d u
e ncip
f 19
g n-oclcserc
991 ## -
-- c-Ser
-- UNC
-- SERIALS
992 ## -
-- GEN COLL
-- ACQUIRE
Holdings
Withdrawn status Lost status Damaged status Not for loan Home library Current library Shelving location Date acquired Total checkouts Full call number Barcode Date last seen Price effective from Koha item type
        Franklin Franklin General stacks 22/03/2026   UNC LOC-FRL-00066 22/03/2026 22/03/2026 Books